000 00231nam a22001097a 4500
082 _a150/CHO
100 _aChoudhary
245 _aHealth Psychology
260 _aDelhi
_bRupa Publication
_c2018
650 _aPsychology
942 _cBK
999 _c65487
_d65487